| 000 | 00716nam a2200217 a 4500 | ||
|---|---|---|---|
| 005 | 20140412111314.0 | ||
| 008 | 001207s19uu xx 00 eng d | ||
| 020 | _a0-394-87180-4 | ||
| 050 |
_aER _bBe35On 1985 |
||
| 100 | _aBerenstain, Stan | ||
| 245 |
_aBerenstain Bears (The)/ : _cStan and Jan Berenstain. _bOn the moon / |
||
| 260 |
_aNew York : _bBeginner Books, _c1985. |
||
| 300 | _a1 v. (unp.) ; ill. ; 24 cm. | ||
| 440 | _aA Bright and Early Books for Beginning Beginners | ||
| 520 | _aTwo Berenstain Bears and their pup take a rocket ship to the moon. | ||
| 650 | _aMoon - Exploration -- Fiction | ||
| 650 | _aBears -- Fiction | ||
| 650 | _aStories in rhyme | ||
| 999 |
_c104133 _d104133 |
||